[Event "TeamRussiamenrapid"]
[Site "?"]
[Date "2016.10.05"]
[Round "2.11"]
[White "Savitskiy, Sergey"]
[Black "Timofeev, Artyom"]
[Result "0-1"]
[LiveChessVersion "1.4.4"]
[BlackElo "2566"]
[WhiteElo "2401"]

1. e4 {[%clk 0:15:18]} c5 {[%clk 0:15:18]} 2. Nf3 {[%clk 0:15:27]} e6
{[%clk 0:15:21]} 3. d4 {[%clk 0:15:35]} cxd4 {[%clk 0:15:29]} 4. Nxd4
{[%clk 0:15:44]} Nc6 {[%clk 0:15:38]} 5. Nc3 {[%clk 0:15:53]} Qc7
{[%clk 0:15:47]} 6. Nb3 {[%clk 0:15:54]} Nf6 {[%clk 0:15:30]} 7. Bd3
{[%clk 0:15:34]} Be7 {[%clk 0:15:30]} 8. f4 {[%clk 0:15:21]} d6 {[%clk 0:15:37]}
9. Be3 {[%clk 0:15:17]} a6 {[%clk 0:15:41]} 10. a4 {[%clk 0:14:30]} b6
{[%clk 0:15:45]} 11. O-O {[%clk 0:14:34]} Bb7 {[%clk 0:15:51]} 12. Qf3
{[%clk 0:14:08]} Nb4 {[%clk 0:15:34]} 13. Qh3 {[%clk 0:08:00]} O-O
{[%clk 0:14:38]} 14. Nd4 {[%clk 0:06:52]} Rac8 {[%clk 0:13:18]} 15. Rf3
{[%clk 0:06:11]} Nxd3 {[%clk 0:06:52]} 16. cxd3 {[%clk 0:06:20]} Nd7
{[%clk 0:07:01]} 17. f5 {[%clk 0:03:47]} e5 {[%clk 0:06:10]} 18. Nc2
{[%clk 0:03:19]} d5 {[%clk 0:05:31]} 19. exd5 {[%clk 0:03:28]} Nf6
{[%clk 0:05:39]} 20. Rg3 {[%clk 0:03:22]} Kh8 {[%clk 0:05:45]} 21. Rf1
{[%clk 0:00:37]} Rfd8 {[%clk 0:05:33]} 22. Bg5 {[%clk 0:00:24]} Nxd5
{[%clk 0:04:14]} 23. Nxd5 {[%clk 0:00:29]} Bxd5 {[%clk 0:04:10]} 24. Bxe7
{[%clk 0:00:32]} Qxe7 {[%clk 0:04:15]} 25. f6 {[%clk 0:00:18]} gxf6
{[%clk 0:04:20]} 26. Ne3 {[%clk 0:00:25]} Be6 {[%clk 0:03:52]} 27. Qh6
{[%clk 0:00:24]} Rg8 {[%clk 0:03:58]} 28. Rxf6 {[%clk 0:00:25]} Rc1+
{[%clk 0:03:14]} 29. Rf1 {[%clk 0:00:25]} Rxf1+ {[%clk 0:03:02]} 30. Kxf1
{[%clk 0:00:35]} Rxg3 {[%clk 0:02:27]} 31. hxg3 {[%clk 0:00:44]} f6
{[%clk 0:02:35]} 32. g4 {[%clk 0:00:45]} Qg7 {[%clk 0:02:33]} 33. Qh5
{[%clk 0:00:13]} Qg6 {[%clk 0:02:39]} 34. Qxg6 {[%clk 0:00:21]} hxg6
{[%clk 0:02:47]} 35. g5 {[%clk 0:00:29]} fxg5 {[%clk 0:02:42]} 36. b4
{[%clk 0:00:36]} Kg7 {[%clk 0:01:21]} 37. Nc4 {[%clk 0:00:45]} Bxc4
{[%clk 0:01:19]} 38. dxc4 {[%clk 0:00:55]} Kf6 {[%clk 0:01:26]} 39. Ke2
{[%clk 0:00:54]} Ke6 {[%clk 0:00:45]} 40. Kd3 {[%clk 0:00:20]} a5
{[%clk 0:00:41]} 41. b5 {[%clk 0:00:13]} g4 {[%clk 0:00:32]} 42. c5
{[%clk 0:00:13]} bxc5 43. Kc4 Kd6 {[%clk 0:00:36]} 44. g3 {[%clk 0:00:32]} e4
{[%clk 0:00:43]} 45. Kc3 {[%clk 0:00:42]} Kd5 {[%clk 0:00:50]} 46. Kc2
{[%clk 0:00:49]} c4 {[%clk 0:00:56]} 47. Kc3 {[%clk 0:00:57]} e3 48. Kc2 Kd6
{[%clk 0:01:08]} 49. Kc3 {[%clk 0:01:13]} Kc5 {[%clk 0:01:15]} 50. Kc2
{[%clk 0:01:23]} Kd5 {[%clk 0:00:33]} 51. Kc3 {[%clk 0:01:32]} Kc5
{[%clk 0:00:42]} 52. Kc2 {[%clk 0:01:41]} Kd6 {[%clk 0:00:45]} 53. Kc3
{[%clk 0:01:46]} Kd5 {[%clk 0:00:54]} 54. Kc2 {[%clk 0:01:55]} Ke4
{[%clk 0:00:35]} 55. b6 {[%clk 0:02:01]} e2 {[%clk 0:00:43]} 56. b7
{[%clk 0:01:20]} e1=Q {[%clk 0:00:49]} 57. b8=Q {[%clk 0:01:28]} Qe2+
{[%clk 0:00:48]} 58. Kc1 {[%clk 0:01:25]} Qe3+ {[%clk 0:00:56]} 59. Kc2
{[%clk 0:01:31]} Qb3+ {[%clk 0:00:54]} 0-1

[Event "TeamRussiamenrapid"]
[Site "?"]
[Date "2016.10.05"]
[Round "2.12"]
[White "Sharafiev, Azat"]
[Black "Sergeyev, Alexander"]
[Result "1/2-1/2"]
[LiveChessVersion "1.4.4"]
[BlackElo "2394"]
[WhiteElo "2534"]

1. e4 {[%clk 0:15:18]} e5 {[%clk 0:15:17]} 2. Nf3 {[%clk 0:15:24]} Nf6
{[%clk 0:15:26]} 3. Nc3 {[%clk 0:14:15]} Bb4 {[%clk 0:15:33]} 4. Nxe5
{[%clk 0:14:23]} O-O {[%clk 0:15:40]} 5. Nd3 {[%clk 0:14:32]} Bxc3
{[%clk 0:15:46]} 6. dxc3 {[%clk 0:14:40]} Nxe4 {[%clk 0:15:55]} 7. Be2
{[%clk 0:14:07]} d6 {[%clk 0:15:56]} 8. O-O {[%clk 0:14:12]} Nc6 {[%clk 0:16:04]}
9. f3 {[%clk 0:11:55]} Nf6 {[%clk 0:15:23]} 10. Re1 {[%clk 0:10:41]} h6
{[%clk 0:13:29]} 11. Bf1 {[%clk 0:10:42]} Bf5 {[%clk 0:13:26]} 12. Be3
{[%clk 0:10:49]} Qd7 {[%clk 0:13:10]} 13. Bf2 {[%clk 0:10:32]} Rfe8
{[%clk 0:13:05]} 14. Qd2 {[%clk 0:10:39]} Rxe1 {[%clk 0:13:02]} 15. Rxe1
{[%clk 0:10:47]} Re8 {[%clk 0:12:48]} 16. c4 {[%clk 0:10:29]} Rxe1
{[%clk 0:12:45]} 17. Qxe1 {[%clk 0:10:37]} b6 {[%clk 0:12:47]} 18. b3
{[%clk 0:10:16]} a5 {[%clk 0:12:41]} 19. Bh4 {[%clk 0:09:39]} Nh7
{[%clk 0:08:50]} 20. Qd2 {[%clk 0:09:04]} Nf8 {[%clk 0:08:52]} 21. Nf4
{[%clk 0:08:20]} Ng6 {[%clk 0:07:48]} 22. Nxg6 {[%clk 0:08:09]} Bxg6
{[%clk 0:07:56]} 23. c3 {[%clk 0:08:05]} Qf5 {[%clk 0:07:42]} 24. Qd1
{[%clk 0:03:53]} Ne5 {[%clk 0:05:50]} 25. a3 {[%clk 0:02:10]} f6 {[%clk 0:05:34]}
26. Bf2 {[%clk 0:01:55]} Qc2 {[%clk 0:03:41]} 27. Qxc2 {[%clk 0:01:41]} Bxc2
{[%clk 0:03:47]} 1/2-1/2

[Event "TeamRussiamenrapid"]
[Site "?"]
[Date "2016.10.05"]
[Round "2.13"]
[White "Bologan, Victor"]
[Black "Moskalenko, Alexander"]
[Result "1-0"]
[LiveChessVersion "1.4.4"]
[BlackElo "2494"]
[WhiteElo "2569"]

1. e4 {[%clk 0:15:18]} d5 {[%clk 0:15:18]} 2. exd5 {[%clk 0:15:25]} Nf6
{[%clk 0:15:26]} 3. Nf3 {[%clk 0:15:33]} Bg4 {[%clk 0:15:33]} 4. Be2
{[%clk 0:15:39]} Qxd5 {[%clk 0:15:41]} 5. h3 {[%clk 0:15:44]} Bh5
{[%clk 0:15:48]} 6. Nc3 {[%clk 0:15:52]} Qd8 {[%clk 0:15:55]} 7. d4
{[%clk 0:15:44]} e6 {[%clk 0:14:09]} 8. O-O {[%clk 0:15:17]} c6 {[%clk 0:13:49]}
9. g4 {[%clk 0:14:34]} Bg6 {[%clk 0:13:56]} 10. Ne5 {[%clk 0:14:39]} Bb4
{[%clk 0:10:12]} 11. f4 {[%clk 0:13:32]} Ne4 {[%clk 0:07:34]} 12. Nxg6
{[%clk 0:11:03]} Nxc3 {[%clk 0:01:35]} 13. bxc3 {[%clk 0:11:10]} hxg6
{[%clk 0:00:22]} 14. cxb4 {[%clk 0:11:17]} Rxh3 {[%clk 0:00:30]} 15. Rf3
{[%clk 0:10:20]} Rh4 {[%clk 0:00:17]} 16. Rf2 {[%clk 0:08:03]} Nd7
{[%clk 0:00:15]} 17. Bf3 {[%clk 0:07:07]} Qc7 {[%clk 0:00:14]} 18. Rh2
{[%clk 0:06:12]} Rxh2 {[%clk 0:00:23]} 19. Kxh2 {[%clk 0:06:21]} g5
{[%clk 0:00:32]} 20. Qd2 {[%clk 0:06:06]} O-O-O {[%clk 0:00:41]} 21. Kg2
{[%clk 0:05:55]} Rh8 {[%clk 0:00:49]} 22. Qe3 {[%clk 0:05:24]} Rh4
{[%clk 0:00:32]} 23. Bd2 {[%clk 0:05:23]} Nf6 {[%clk 0:00:39]} 24. Qe5
{[%clk 0:05:15]} Qd8 {[%clk 0:00:26]} 25. fxg5 {[%clk 0:03:44]} Nxg4
{[%clk 0:00:32]} 26. Qf4 {[%clk 0:02:56]} Rh2+ {[%clk 0:00:15]} 27. Kg1
{[%clk 0:01:20]} Qh8 {[%clk 0:00:19]} 28. Be1 {[%clk 0:01:05]} Qh3
{[%clk 0:00:12]} 29. Bg3 {[%clk 0:01:08]} 1-0

[Event "TeamRussiamenrapid"]
[Site "?"]
[Date "2016.10.05"]
[Round "2.14"]
[White "Paravyan, David"]
[Black "Ponkratov, Pavel"]
[Result "1/2-1/2"]
[LiveChessVersion "1.4.4"]
[BlackElo "2654"]
[WhiteElo "2500"]

1. d4 {[%clk 0:15:10]} Nf6 {[%clk 0:15:19]} 2. c4 {[%clk 0:15:19]} e6
{[%clk 0:15:28]} 3. Nc3 {[%clk 0:15:28]} Bb4 {[%clk 0:15:37]} 4. Qc2
{[%clk 0:15:37]} c5 {[%clk 0:15:43]} 5. dxc5 {[%clk 0:15:43]} Qc7
{[%clk 0:15:51]} 6. Nf3 {[%clk 0:15:05]} a6 {[%clk 0:15:58]} 7. e3
{[%clk 0:14:33]} Bxc5 {[%clk 0:15:55]} 8. Bd3 {[%clk 0:14:30]} Be7
{[%clk 0:15:57]} 9. O-O {[%clk 0:14:32]} d6 {[%clk 0:16:05]} 10. b3
{[%clk 0:14:30]} Nbd7 {[%clk 0:16:13]} 11. Bb2 {[%clk 0:14:30]} Nc5
{[%clk 0:16:21]} 12. Be2 {[%clk 0:14:36]} b6 {[%clk 0:16:29]} 13. Nd4
{[%clk 0:14:23]} Bb7 {[%clk 0:16:37]} 14. Bf3 {[%clk 0:14:32]} O-O
{[%clk 0:16:41]} 15. Rac1 {[%clk 0:14:40]} Rac8 {[%clk 0:16:47]} 16. Rfd1
{[%clk 0:14:48]} Rfd8 {[%clk 0:16:32]} 17. Qe2 {[%clk 0:14:57]} Ncd7
{[%clk 0:16:20]} 18. Bxb7 {[%clk 0:13:55]} Qxb7 {[%clk 0:16:28]} 19. Qf3
{[%clk 0:13:56]} Qxf3 {[%clk 0:16:32]} 20. Nxf3 {[%clk 0:13:59]} Nc5
{[%clk 0:16:36]} 21. Kf1 {[%clk 0:13:54]} Kf8 {[%clk 0:16:43]} 22. Ke2
{[%clk 0:14:01]} Rb8 {[%clk 0:16:37]} 23. Nd4 {[%clk 0:14:07]} Rbc8
{[%clk 0:16:36]} 24. f3 {[%clk 0:13:59]} Ne8 {[%clk 0:15:52]} 25. Nb1
{[%clk 0:10:13]} Rc7 {[%clk 0:15:40]} 26. Nd2 {[%clk 0:09:54]} Rdc8
{[%clk 0:15:39]} 27. Ba3 {[%clk 0:09:19]} Nf6 {[%clk 0:15:03]} 28. e4
{[%clk 0:09:17]} Ke8 {[%clk 0:12:56]} 29. Nf1 {[%clk 0:09:25]} Kf8
{[%clk 0:10:47]} 30. Ne3 {[%clk 0:09:33]} Ne8 {[%clk 0:10:51]} 31. Bb4
{[%clk 0:08:16]} Bg5 {[%clk 0:10:44]} 32. Bd2 {[%clk 0:08:12]} Bf6
{[%clk 0:10:50]} 33. Be1 {[%clk 0:08:11]} Bg5 {[%clk 0:08:59]} 1/2-1/2

[Event "TeamRussiamenrapid"]
[Site "?"]
[Date "2016.10.05"]
[Round "2.15"]
[White "Khismatullin, Denis"]
[Black "Matinian, Nikita"]
[Result "1/2-1/2"]
[LiveChessVersion "1.4.4"]
[BlackElo "2493"]
[WhiteElo "2668"]

1. Nf3 {[%clk 0:15:17]} Nf6 {[%clk 0:15:19]} 2. c4 {[%clk 0:15:26]} g6
{[%clk 0:15:28]} 3. Nc3 {[%clk 0:15:31]} d5 {[%clk 0:15:37]} 4. cxd5 Nxd5
{[%clk 0:15:45]} 5. Qb3 {[%clk 0:15:29]} Nb6 {[%clk 0:15:45]} 6. d4
{[%clk 0:15:37]} Bg7 {[%clk 0:15:51]} 7. Bf4 {[%clk 0:15:44]} O-O
{[%clk 0:15:12]} 8. Rd1 {[%clk 0:14:52]} c6 {[%clk 0:11:54]} 9. e3
{[%clk 0:13:38]} Be6 {[%clk 0:11:50]} 10. Qc2 {[%clk 0:13:41]} N8d7
{[%clk 0:11:33]} 11. Ng5 {[%clk 0:08:48]} Bc4 {[%clk 0:11:17]} 12. Bxc4
{[%clk 0:08:39]} Nxc4 {[%clk 0:11:26]} 13. Qe2 {[%clk 0:07:36]} Nd6
{[%clk 0:09:22]} 14. O-O {[%clk 0:07:29]} h6 {[%clk 0:07:57]} 15. Nf3
{[%clk 0:07:29]} Qa5 {[%clk 0:06:15]} 16. e4 {[%clk 0:06:28]} Nb5
{[%clk 0:06:19]} 17. Nxb5 {[%clk 0:04:48]} cxb5 {[%clk 0:06:24]} 18. b3
{[%clk 0:04:48]} Rac8 {[%clk 0:06:24]} 19. d5 {[%clk 0:04:14]} b4
{[%clk 0:03:19]} 20. h3 {[%clk 0:03:42]} Qa6 {[%clk 0:03:15]} 21. Qxa6
{[%clk 0:03:17]} bxa6 {[%clk 0:03:24]} 22. Nd4 {[%clk 0:02:29]} Bxd4
{[%clk 0:02:35]} 23. Rxd4 {[%clk 0:02:37]} g5 {[%clk 0:02:44]} 24. Be3
{[%clk 0:02:43]} a5 {[%clk 0:02:53]} 25. a3 {[%clk 0:02:25]} Nc5 {[%clk 0:02:18]}
26. axb4 {[%clk 0:01:39]} Nxb3 {[%clk 0:02:27]} 27. Rd3 {[%clk 0:00:48]} a4
{[%clk 0:02:36]} 28. e5 {[%clk 0:00:56]} Rfd8 {[%clk 0:02:11]} 29. Rb1
{[%clk 0:00:26]} Rc4 {[%clk 0:02:10]} 30. Rb2 {[%clk 0:00:17]} Rxb4
{[%clk 0:02:11]} 31. Ra2 {[%clk 0:00:25]} Re4 {[%clk 0:02:08]} 32. d6
{[%clk 0:00:20]} Rd7 {[%clk 0:01:21]} 33. Kh2 {[%clk 0:00:19]} Rxe5
{[%clk 0:00:56]} 34. Rxa4 {[%clk 0:00:21]} Nc5 {[%clk 0:01:05]} 35. Bxc5
{[%clk 0:00:19]} Rxc5 {[%clk 0:01:14]} 36. dxe7 {[%clk 0:00:17]} Rxe7
{[%clk 0:01:24]} 37. Rda3 {[%clk 0:00:21]} Re2 {[%clk 0:01:27]} 38. Rxa7
{[%clk 0:00:16]} Rxf2 {[%clk 0:01:32]} 39. Ra2 {[%clk 0:00:25]} Rf1
{[%clk 0:01:34]} 40. Ra1 {[%clk 0:00:29]} Rff5 {[%clk 0:01:41]} 41. R1a2
{[%clk 0:00:36]} Kg7 {[%clk 0:01:50]} 42. R7a6 {[%clk 0:00:44]} h5
{[%clk 0:01:53]} 43. Re2 {[%clk 0:00:41]} Rc1 {[%clk 0:01:52]} 44. h4
{[%clk 0:00:26]} gxh4 {[%clk 0:01:36]} 45. Ra4 {[%clk 0:00:11]} Rff1
{[%clk 0:01:43]} 46. g4 {[%clk 0:00:16]} Rh1+ {[%clk 0:01:35]} 47. Kg2
{[%clk 0:00:24]} Rcg1+ {[%clk 0:01:20]} 48. Kf2 {[%clk 0:00:18]} hxg4
{[%clk 0:01:21]} 49. Ree4 {[%clk 0:00:20]} g3+ {[%clk 0:01:30]} 50. Kf3
{[%clk 0:00:28]} Rf1+ {[%clk 0:01:36]} 51. Kg2 {[%clk 0:00:28]} Rhg1+
{[%clk 0:01:10]} 52. Kh3 {[%clk 0:00:36]} Rh1+ {[%clk 0:00:36]} 53. Kg2
{[%clk 0:00:44]} Rfg1+ {[%clk 0:00:46]} 54. Kf3 {[%clk 0:00:53]} Rf1+
{[%clk 0:00:16]} 55. Kg2 {[%clk 0:01:00]} Rhg1+ {[%clk 0:00:25]} 56. Kh3
{[%clk 0:01:09]} Rf6 {[%clk 0:00:34]} 57. Rxh4 {[%clk 0:00:18]} Rg6
{[%clk 0:00:38]} 58. Rhg4 {[%clk 0:00:17]} f5 {[%clk 0:00:32]} 59. Ra7+
{[%clk 0:00:14]} Kh6 {[%clk 0:00:41]} 60. Rxg6+ {[%clk 0:00:13]} Kxg6
{[%clk 0:00:50]} 61. Ra8 {[%clk 0:00:13]} Kg5 {[%clk 0:00:54]} 62. Ra5
{[%clk 0:00:14]} Kg6 {[%clk 0:00:40]} 63. Ra6+ {[%clk 0:00:23]} Kf7
{[%clk 0:00:48]} 64. Ra4 {[%clk 0:00:15]} Ke6 {[%clk 0:00:36]} 65. Ra6+
{[%clk 0:00:20]} Ke7 {[%clk 0:00:40]} 66. Ra4 {[%clk 0:00:25]} Kf6
{[%clk 0:00:43]} 67. Ra6+ {[%clk 0:00:33]} Kg5 {[%clk 0:00:52]} 68. Ra5
{[%clk 0:00:39]} Kf4 {[%clk 0:00:39]} 69. Ra4+ {[%clk 0:00:41]} Ke5
{[%clk 0:00:41]} 70. Ra5+ {[%clk 0:00:49]} Ke4 {[%clk 0:00:50]} 71. Ra4+
{[%clk 0:00:57]} Kd3 {[%clk 0:00:59]} 72. Ra3+ {[%clk 0:00:46]} Kd2
{[%clk 0:01:01]} 73. Rf3 {[%clk 0:00:22]} g2 {[%clk 0:00:53]} 74. Rxf5
{[%clk 0:00:27]} Rf1 {[%clk 0:01:00]} 75. Rd5+ {[%clk 0:00:36]} 1/2-1/2

[Event "TeamRussiamenrapid"]
[Site "?"]
[Date "2016.10.05"]
[Round "2.16"]
[White "Vastrukhin, Oleg"]
[Black "Pridorozhni, Aleksei"]
[Result "1/2-1/2"]
[LiveChessVersion "1.4.4"]
[BlackElo "2628"]
[WhiteElo "2456"]

1. Nf3 {[%clk 0:15:18]} d5 {[%clk 0:15:17]} 2. g3 {[%clk 0:15:27]} c6
{[%clk 0:15:23]} 3. Bg2 {[%clk 0:15:36]} Bg4 {[%clk 0:15:31]} 4. Ne5
{[%clk 0:15:44]} Bf5 {[%clk 0:15:39]} 5. d4 {[%clk 0:15:53]} Nd7 {[%clk 0:15:39]}
6. O-O {[%clk 0:16:01]} e6 {[%clk 0:15:21]} 7. c4 {[%clk 0:16:00]} Ngf6
{[%clk 0:14:33]} 8. Nc3 {[%clk 0:16:07]} Be7 {[%clk 0:14:00]} 9. Qb3
{[%clk 0:16:10]} Qb6 {[%clk 0:13:58]} 10. Nxd7 {[%clk 0:16:06]} Nxd7
{[%clk 0:14:02]} 11. e4 {[%clk 0:16:14]} dxe4 {[%clk 0:14:04]} 12. Nxe4
{[%clk 0:16:22]} Nf6 {[%clk 0:13:28]} 13. Nc5 {[%clk 0:16:24]} Bxc5
{[%clk 0:12:47]} 14. dxc5 {[%clk 0:16:31]} Qxb3 {[%clk 0:12:55]} 15. axb3
{[%clk 0:16:39]} Nd7 {[%clk 0:13:01]} 16. Be3 {[%clk 0:16:34]} a6
{[%clk 0:12:59]} 17. b4 Ke7 {[%clk 0:12:28]} 18. Rfd1 {[%clk 0:15:40]} Ne5
{[%clk 0:11:16]} 19. Bd4 {[%clk 0:14:22]} f6 {[%clk 0:11:18]} 20. Bxe5
{[%clk 0:14:22]} fxe5 {[%clk 0:11:26]} 21. b5 {[%clk 0:14:12]} axb5
{[%clk 0:11:07]} 22. cxb5 {[%clk 0:14:18]} e4 {[%clk 0:11:14]} 23. b6
{[%clk 0:14:00]} Rhd8 {[%clk 0:11:16]} 24. h3 {[%clk 0:13:21]} Rxd1+
{[%clk 0:09:06]} 25. Rxd1 {[%clk 0:13:28]} Ra4 {[%clk 0:09:14]} 26. g4
{[%clk 0:13:25]} Bg6 {[%clk 0:09:21]} 27. b3 {[%clk 0:12:09]} Ra3
{[%clk 0:07:03]} 28. b4 {[%clk 0:12:14]} Ra4 {[%clk 0:07:10]} 29. Rd4
{[%clk 0:08:39]} e5 {[%clk 0:06:45]} 30. Rc4 {[%clk 0:08:48]} e3 {[%clk 0:06:29]}
31. fxe3 {[%clk 0:08:47]} Bd3 {[%clk 0:06:33]} 32. Rc3 {[%clk 0:06:34]} e4
{[%clk 0:06:24]} 33. Rb3 {[%clk 0:06:42]} Kd7 {[%clk 0:03:53]} 34. Rb2
{[%clk 0:06:41]} g5 {[%clk 0:03:05]} 35. Kf2 {[%clk 0:06:45]} Ke6
{[%clk 0:02:51]} 36. Bf1 {[%clk 0:02:12]} Kd5 {[%clk 0:02:10]} 37. Bxd3
{[%clk 0:02:10]} exd3 {[%clk 0:02:18]} 38. Ke1 {[%clk 0:02:19]} Kc4
{[%clk 0:02:14]} 39. b5 {[%clk 0:02:06]} Kxc5 {[%clk 0:02:20]} 40. bxc6
{[%clk 0:02:14]} Kxc6 {[%clk 0:02:28]} 41. Kd2 {[%clk 0:02:23]} h5
{[%clk 0:01:49]} 42. gxh5 {[%clk 0:02:23]} Rh4 {[%clk 0:01:57]} 43. Kxd3
{[%clk 0:02:18]} Rxh5 {[%clk 0:01:46]} 44. Kd4 {[%clk 0:01:44]} Rxh3
{[%clk 0:01:51]} 45. e4 {[%clk 0:01:14]} g4 {[%clk 0:01:41]} 46. e5
{[%clk 0:00:49]} g3 {[%clk 0:01:48]} 47. Rc2+ {[%clk 0:00:58]} Kxb6
{[%clk 0:00:52]} 48. e6 {[%clk 0:01:05]} Rh2 {[%clk 0:00:35]} 49. e7
{[%clk 0:00:42]} Rxc2 {[%clk 0:00:41]} 50. e8=Q {[%clk 0:00:51]} g2
{[%clk 0:00:41]} 51. Qg6+ {[%clk 0:00:56]} Ka7 {[%clk 0:00:49]} 52. Kd3
{[%clk 0:00:58]} Rc6 {[%clk 0:00:56]} 53. Qxg2 {[%clk 0:01:05]} Ra6
{[%clk 0:01:05]} 54. Qf2+ {[%clk 0:01:12]} Ka8 {[%clk 0:01:13]} 55. Kc4
{[%clk 0:01:21]} Rc6+ {[%clk 0:01:21]} 56. Kb5 {[%clk 0:01:30]} Ra6
{[%clk 0:01:30]} 57. Qd4 {[%clk 0:01:11]} Rc6 {[%clk 0:01:39]} 58. Qd8+
{[%clk 0:00:45]} Ka7 {[%clk 0:01:48]} 59. Qd4+ {[%clk 0:00:41]} 1/2-1/2

[Event "TeamRussiamenrapid"]
[Site "?"]
[Date "2016.10.05"]
[Round "2.17"]
[White "Sychev, Klementy"]
[Black "Alekseev, Evgeny"]
[Result "1/2-1/2"]
[LiveChessVersion "1.4.4"]
[BlackElo "2688"]
[WhiteElo "2510"]

1. d4 {[%clk 0:15:18]} d5 {[%clk 0:15:14]} 2. c4 {[%clk 0:15:25]} e6
{[%clk 0:15:21]} 3. Nf3 {[%clk 0:15:33]} Nf6 {[%clk 0:15:28]} 4. Nc3
{[%clk 0:15:24]} Bb4 {[%clk 0:15:33]} 5. cxd5 {[%clk 0:15:31]} exd5
{[%clk 0:15:41]} 6. Bg5 {[%clk 0:15:39]} Nbd7 {[%clk 0:15:32]} 7. e3
{[%clk 0:15:42]} c5 {[%clk 0:15:39]} 8. dxc5 {[%clk 0:15:46]} Qa5
{[%clk 0:15:47]} 9. Rc1 {[%clk 0:15:51]} Bxc3+ {[%clk 0:15:51]} 10. bxc3
{[%clk 0:15:59]} O-O {[%clk 0:15:45]} 11. Nd4 {[%clk 0:15:31]} Ne4
{[%clk 0:15:15]} 12. Bf4 {[%clk 0:15:36]} Re8 {[%clk 0:14:44]} 13. Be2
{[%clk 0:13:28]} Qxc5 {[%clk 0:14:45]} 14. O-O {[%clk 0:10:57]} Nb6
{[%clk 0:14:54]} 15. Bd3 {[%clk 0:10:47]} Nc4 {[%clk 0:13:29]} 16. Qh5
{[%clk 0:10:17]} Bd7 {[%clk 0:12:25]} 17. Rfe1 {[%clk 0:06:36]} g6
{[%clk 0:09:02]} 18. Qh4 {[%clk 0:05:48]} Ne5 {[%clk 0:05:52]} 1/2-1/2

[Event "TeamRussiamenrapid"]
[Site "?"]
[Date "2016.10.05"]
[Round "2.18"]
[White "Romanov, Evgeny"]
[Black "Zakhartsov, Vladimir"]
[Result "1-0"]
[LiveChessVersion "1.4.4"]
[BlackElo "2463"]
[WhiteElo "2621"]

1. d4 {[%clk 0:15:18]} Nf6 {[%clk 0:15:19]} 2. Nf3 {[%clk 0:15:27]} e6
{[%clk 0:15:28]} 3. Bf4 {[%clk 0:15:35]} b6 {[%clk 0:15:13]} 4. e3
{[%clk 0:15:41]} Bb7 {[%clk 0:15:19]} 5. Bd3 {[%clk 0:15:49]} Be7
{[%clk 0:15:21]} 6. c4 {[%clk 0:15:51]} c5 {[%clk 0:15:26]} 7. dxc5
{[%clk 0:14:56]} bxc5 {[%clk 0:15:20]} 8. h3 {[%clk 0:15:00]} d6 {[%clk 0:15:20]}
9. Bh2 {[%clk 0:15:08]} e5 {[%clk 0:15:11]} 10. Be2 {[%clk 0:15:05]} O-O
{[%clk 0:15:10]} 11. O-O {[%clk 0:15:13]} Nbd7 {[%clk 0:15:03]} 12. Nc3
{[%clk 0:15:21]} Qb6 {[%clk 0:14:58]} 13. b3 {[%clk 0:15:23]} Rfd8
{[%clk 0:14:40]} 14. Nd2 {[%clk 0:15:28]} Nf8 {[%clk 0:14:02]} 15. Bf3
{[%clk 0:15:25]} Ne6 {[%clk 0:14:09]} 16. Bg3 {[%clk 0:15:01]} Bxf3
{[%clk 0:12:45]} 17. Qxf3 {[%clk 0:14:59]} Ng5 {[%clk 0:12:32]} 18. Qe2
{[%clk 0:14:54]} Qb7 {[%clk 0:12:03]} 19. Bh4 {[%clk 0:14:14]} h6
{[%clk 0:11:53]} 20. Rad1 {[%clk 0:13:32]} Rd7 {[%clk 0:11:13]} 21. Bxg5
{[%clk 0:11:39]} hxg5 {[%clk 0:11:22]} 22. Qd3 {[%clk 0:11:24]} Rad8 1-0

[Event "TeamRussiamenrapid"]
[Site "?"]
[Date "2016.10.05"]
[Round "2.19"]
[White "Kovalev, Egor"]
[Black "Levin, Evgeny A."]
[Result "0-1"]
[LiveChessVersion "1.4.4"]
[BlackElo "2585"]
[WhiteElo "2289"]

1. Nf3 {[%clk 0:15:17]} Nf6 {[%clk 0:15:18]} 2. g3 {[%clk 0:15:26]} g6
{[%clk 0:15:15]} 3. Bg2 {[%clk 0:15:34]} Bg7 {[%clk 0:15:24]} 4. O-O
{[%clk 0:15:42]} O-O {[%clk 0:15:31]} 5. d4 {[%clk 0:15:50]} d6 {[%clk 0:15:29]}
6. Nc3 {[%clk 0:15:57]} d5 {[%clk 0:15:10]} 7. Bf4 {[%clk 0:15:17]} c6
{[%clk 0:15:15]} 8. Re1 {[%clk 0:15:09]} Bf5 {[%clk 0:15:01]} 9. h3
{[%clk 0:14:44]} Ne4 {[%clk 0:14:46]} 10. Nh4 {[%clk 0:13:08]} Nxc3
{[%clk 0:14:38]} 11. bxc3 {[%clk 0:13:16]} Be6 {[%clk 0:14:25]} 12. Qd2
{[%clk 0:13:12]} Nd7 {[%clk 0:13:21]} 13. Bh6 {[%clk 0:13:04]} Nf6
{[%clk 0:13:25]} 14. Bxg7 {[%clk 0:13:08]} Kxg7 {[%clk 0:13:34]} 15. Qe3
{[%clk 0:12:56]} Qc7 {[%clk 0:12:58]} 16. Nf3 {[%clk 0:12:54]} Rac8
{[%clk 0:12:54]} 17. Rab1 {[%clk 0:12:52]} b6 {[%clk 0:12:56]} 18. g4
{[%clk 0:12:12]} Rfe8 {[%clk 0:12:12]} 19. Ne5 {[%clk 0:11:24]} c5
{[%clk 0:12:17]} 20. Rec1 {[%clk 0:11:26]} cxd4 {[%clk 0:10:41]} 21. cxd4
{[%clk 0:11:26]} Qc3 {[%clk 0:10:44]} 22. Nd3 {[%clk 0:08:35]} Rc4
{[%clk 0:04:10]} 23. Qe5 {[%clk 0:06:57]} Kg8 {[%clk 0:03:55]} 24. e3
{[%clk 0:07:05]} Qa3 {[%clk 0:03:23]} 25. Nf4 {[%clk 0:06:22]} Qd6
{[%clk 0:03:22]} 26. Rb5 {[%clk 0:01:39]} Qxe5 {[%clk 0:02:44]} 27. dxe5
{[%clk 0:01:45]} Ne4 {[%clk 0:02:53]} 28. Nxd5 {[%clk 0:01:10]} a6
{[%clk 0:01:05]} 29. Nxb6 {[%clk 0:01:17]} axb5 {[%clk 0:01:05]} 30. Nxc4
{[%clk 0:01:25]} Nc3 {[%clk 0:01:13]} 31. Bf1 {[%clk 0:00:20]} Bxc4
{[%clk 0:00:55]} 32. Bxc4 {[%clk 0:00:27]} bxc4 {[%clk 0:01:04]} 33. Ra1
{[%clk 0:00:36]} Ra8 {[%clk 0:01:00]} 34. a3 {[%clk 0:00:42]} Kf8
{[%clk 0:00:53]} 35. Kf1 {[%clk 0:00:45]} Ke8 {[%clk 0:01:01]} 36. Ke1
{[%clk 0:00:53]} Kd7 {[%clk 0:01:10]} 37. f3 {[%clk 0:00:41]} Ke6
{[%clk 0:01:08]} 38. Kd2 {[%clk 0:00:48]} Rxa3 {[%clk 0:01:05]} 0-1